Human societies: an introduction to macrosociology (Record no. 76256)

MARC details
000 -LEADER
fixed length control field 01178nam a2200241 a 4500
008 - FIXED-LENGTH DATA ELEMENTS--GENERAL INFORMATION
fixed length control field 120416s1987 ||||||||||||||||| || u
020 ## - INTERNATIONAL STANDARD BOOK NUMBER
International Standard Book Number 0070371814
050 ## - LIBRARY OF CONGRESS CALL NUMBER
Classification number HM 51 Len
100 ## - MAIN ENTRY--PERSONAL NAME
Personal name Lenski, Gerhard
245 10 - TITLE STATEMENT
Title Human societies: an introduction to macrosociology
250 ## - EDITION STATEMENT
Edition statement 5th ed.
260 ## - PUBLICATION, DISTRIBUTION, ETC.
Place of publication, distribution, etc. New York :
Name of publisher, distributor, etc. McGraw-Hill
Date of publication, distribution, etc. 1987.
300 ## - PHYSICAL DESCRIPTION
Extent xv, 501 pages : illustrations
350 ## -
-- 0.00
500 ## - GENERAL NOTE
General note Bibliography.
650 ## - SUBJECT ADDED ENTRY--TOPICAL TERM
Topical term or geographic name entry element SOCIAL EVOLUTION
650 ## - SUBJECT ADDED ENTRY--TOPICAL TERM
Topical term or geographic name entry element SOCIAL SYSTEMS -- HISTORY
700 ## - ADDED ENTRY--PERSONAL NAME
Personal name Lenski, Jean
995 ## -
-- MAIN LIBRARY OPEN ACCESS
-- 0.00
-- 725770
-- CBU-MAIN LIBRARY (Kitwe)
-- 2
-- 30.00
-- HM 51 Len
-- AVAILABLE
-- May 26, 2006
-- 008486
-- Main Library Open Access Collection
995 ## -
-- ANNEX COLLECTION (Main Library)
-- 0.00
-- 725772
-- CBU-MAIN LIBRARY (Kitwe)
-- 1
-- 30.00
-- HM 51 Len
-- AVAILABLE
-- 008485
-- Annex Low-Usage Collection
995 ## -
-- ANNEX COLLECTION (Main Library)
-- 0.00
-- 725771
-- CBU-MAIN LIBRARY (Kitwe)
-- 4
-- 30.00
-- HM 51 Len
-- 5
-- AVAILABLE
-- 008484
-- Annex Low-Usage Collection
995 ## -
-- ANNEX COLLECTION (Main Library)
-- 0.00
-- 725769
-- CBU-MAIN LIBRARY (Kitwe)
-- 3
-- 30.00
-- HM 51 Len
-- AVAILABLE
-- 008487
-- Annex Low-Usage Collection
999 ## -
-- 76256
-- 76256
Holdings
Withdrawn status Lost status Source of classification or shelving scheme Damaged status Not for loan Permanent Location Current Location Shelving location Date acquired Total Checkouts Full call number Barcode Date last seen Copy number Price effective from Koha item type
          CBU-MAIN LIBRARY, KITWE. CBU-MAIN LIBRARY, KITWE.   04/25/2023   HM 51 Len 008486 04/25/2023 1 04/25/2023 MONOGRAPH
          CBU-MAIN LIBRARY, KITWE. CBU-MAIN LIBRARY, KITWE.   04/25/2023   HM 51 Len 008485 04/25/2023 2 04/25/2023 MONOGRAPH
Withdrawn         CBU-MAIN LIBRARY, KITWE. CBU-MAIN LIBRARY, KITWE.   04/25/2023   HM 51 Len 008484 04/25/2023 3 04/25/2023 MONOGRAPH
          CBU-MAIN LIBRARY, KITWE. CBU-MAIN LIBRARY, KITWE.   04/25/2023   HM 51 Len 008487 04/25/2023 4 04/25/2023 MONOGRAPH